| 000 -ლიდერი |
| ფიქსირებული სიგრძის საკონტროლო ველი |
00957nam a22002297a 4500 |
| 003 - საკონტროლო ნომრის იდენტიფიკატორი |
| საკონტროლო ველი |
Ge_BSU |
| 005 - ბოლო ოპერაციის თარიღი და დრო |
| საკონტროლო ველი |
20230424120310.0 |
| 008 - ფიქსირებული სიგრძის მონაცემთა ელემენტები - ზოგადი ინფორმაცია |
| ფიქსირებული სიგრძის საკონტროლო ველი |
230424s2017 enk||||| |||| 00| 0 eng d |
| 020 ## - წიგნის საერთაშორისო სტანდარტული ნომერი |
| International Standard Book Number |
9781462527915x |
| 041 ## - ენის კოდი |
| Language code of text/sound track or separate title |
eng |
| 080 ## - უნივერსალური ათობითი კლასიფიკაციის ინდექსი |
| Universal Decimal Classification number |
37+159 H-22 |
| 245 ## - ცნობა სათაურის შესახებ |
| Title |
Handbook of Social and Emotional Learning : |
| Remainder of title |
Research and Practice / |
| Statement of responsibility, etc |
Edited by Joseph A. Durlak, Celene E. Domitrovich, Roger P. Weissberg, Thomas P. Gullotta and other. |
| 264 ## - წარმოების, გამოცემის, დისტრიბუციის და სხვა ცნობები |
| გამოცემის, წარმოების, დისტრიბუციის... ადგილი |
New York |
| გამოცემის, წარმოების, დისტრიბუციის... სახელწოდება |
The Guilford Press, |
| გამოცემის, წარმოების, დისტრიბუციის... თარიღი |
2015. |
| 300 ## - ფიზიკური აღწერა |
| Extent |
141 p.; |
| Other physical details |
25 cm. |
| 653 ## - INDEX TERM--UNCONTROLLED |
| Uncontrolled term |
სოციალური სწავლება |
| 653 ## - INDEX TERM--UNCONTROLLED |
| Uncontrolled term |
ემოციური სწავლება |
| 700 ## - ADDED ENTRY--PERSONAL NAME |
| Personal name |
Durlak,Joseph A. |
| Relator term |
რედაქტორი |
| 9 (RLIN) |
17747 |
| 700 ## - ADDED ENTRY--PERSONAL NAME |
| Personal name |
Domitrovich, Celene |
| Relator term |
რედაქტორი |
| 9 (RLIN) |
17748 |
| 700 ## - ADDED ENTRY--PERSONAL NAME |
| Personal name |
Weissberg, Roger P. |
| Relator term |
რედაქტორი |
| 9 (RLIN) |
17749 |
| 700 ## - ADDED ENTRY--PERSONAL NAME |
| Personal name |
Gullotta, Thomas P. |
| Relator term |
რედაქტორი |
| 9 (RLIN) |
17750 |
| 942 ## - ADDED ENTRY ELEMENTS (KOHA) |
| Source of classification or shelving scheme |
|
| Koha item type |
წიგნი |